000 00625nam a2200205Ia 4500
001 3879
003 GE_BSU
008 181216s||||||||xx |||||||||||||| ||und||
040 _cGE_BSU
080 _a519.8
245 _aСовременное состояние теории исследования операций.
245 _cРед. Д.А.Молодцов.
260 _aМ.
260 _bНаука.
260 _c1979.
300 _a464 стр. с илл. 20 см.
541 _h25 л.
653 _aСовременное состояние теории исследования операций.
942 _cBK
999 _c37901
_d37901